Genetic resources and crop improvement of rubber (Hevea brasiliensis Willd. ex A. Juss. Muell.Arg). (Record no. 49268)

MARC details
000 -LEADER
fixed length control field 00620nam a2200133Ia 4500
100 ## - MAIN ENTRY--AUTHOR NAME
Personal name Mydin K.K
245 #0 - TITLE STATEMENT
Title Genetic resources and crop improvement of rubber (Hevea brasiliensis Willd. ex A. Juss. Muell.Arg).
260 ## - PUBLICATION, DISTRIBUTION, ETC. (IMPRINT)
Name of publisher Breeding for Resistance to Pests and Diseases in Plantation Crops-Training Manual, 21-30 November 2017. (Eds. R.J. Thomas; A. Josephrajkumar; M. Shareefa and M.K. Rajesh). ICAR-CPCRI Regional Station, Kayamkulam, India, pp. 96-104.
650 ## - SUBJECT ADDED ENTRY--TOPICAL TERM
Topical Term Crop improvement
650 ## - SUBJECT ADDED ENTRY--TOPICAL TERM
Topical Term Genetic resources
650 ## - SUBJECT ADDED ENTRY--TOPICAL TERM
Topical Term Hevea brasiliensis
942 ## - ADDED ENTRY ELEMENTS (KOHA)
Koha item type Bibliography STAF
Holdings
Withdrawn status Lost status Damaged status Not for loan Home library Current library Shelving location Date acquired Koha item type
      Bibliography RRII Library RRII Library Botany 01/01/2021 Bibliography STAF